Загрузка...

History of Kambuja desa : modern Combodia /

Библиографические подробности
Главный автор: Majumdar, R C.
Формат: Printed Book
Язык:English
Опубликовано: New Delhi : Cosmo Publication , 2010.
LEADER 00536nam a22001457a 4500
008 190902b ||||| |||| 00| 0 eng d
999 |c 343328  |d 343328 
020 |a 9788130704623 
082 |a 959.603 
100 |a Majumdar, R C. 
245 |a History of Kambuja desa :  |b modern Combodia /  |c By R C Majumdar. 
260 |a New Delhi :  |b Cosmo Publication ,  |c 2010. 
300 |a 165p. 
942 |c BK 
952 |0 0  |1 0  |2 ddc  |4 0  |6 959_603000000000000_MAJ_H  |7 0  |9 394295  |a SAN  |b SAN  |c ST1  |d 2019-09-02  |g 995.00  |i 11958  |l 0  |o 959.603 MAJ/H  |p SAN11958  |r 2019-09-02  |w 2019-09-02  |y BK